Фракционный состав гидролизного лигнина и методы его определения; Сборник трудов Всесоюзного научно-исследовательского института гидролиза растительных материалов (ВНИИГидролиз); Том 17

Dettagli Bibliografici
Parent link:Сборник трудов Всесоюзного научно-исследовательского института гидролиза растительных материалов (ВНИИГидролиз)/ Всесоюзный научно-исследовательский институт гидролиза растительных материалов (ВНИИГидролиз).— , 1968-1989
Том 17.— 1968.— С. 210-215
Autore principale: Сухановский С. И.
Altri autori: Ахмина Е. И., Лисина З. И.
Lingua:russo
Pubblicazione: 1968
Serie:Использование лигнина и целлолигнина
Natura: MixedMaterials Capitolo di libro
KOHA link:https://koha.lib.tpu.ru/cgi-bin/koha/opac-detail.pl?biblionumber=195745

MARC

LEADER 00000naa2a2200000 4500
001 195745
005 20231031182906.0
035 |a (RuTPU)RU\TPU\book\213559 
035 |a RU\TPU\book\213558 
090 |a 195745 
100 |a 20110515d1968 k y0rusy50 ca 
101 0 |a rus 
102 |a RU 
200 1 |a Фракционный состав гидролизного лигнина и методы его определения  |f С. И. Сухановский, Е. И. Ахмина, З. И. Лисина 
225 1 |a Использование лигнина и целлолигнина 
320 |a Библиогр.: с. 215 (5 назв.) 
461 0 |0 (RuTPU)RU\TPU\book\213513  |t Сборник трудов Всесоюзного научно-исследовательского института гидролиза растительных материалов (ВНИИГидролиз)  |f Всесоюзный научно-исследовательский институт гидролиза растительных материалов (ВНИИГидролиз)  |d 1968-1989 
463 0 |0 (RuTPU)RU\TPU\book\213514  |t Том 17  |f под ред. В. А. Ефимова  |v С. 210-215  |d 1968  |p 276 с. 
700 1 |a Сухановский  |b С. И. 
701 1 |a Ахмина  |b Е. И. 
701 1 |a Лисина  |b З. И. 
801 1 |a RU  |b 63413507  |c 20110513 
801 2 |a RU  |b 63413507  |c 20111012  |g RCR 
942 |c BK